LEADER 03692nam 2200781Ia 450 001 9911019533903321 005 20200520144314.0 010 $a1-282-65435-7 010 $a9786612654350 010 $a1-4051-6990-7 010 $a1-4443-2540-X 010 $a1-4443-2541-8 035 $a(CKB)2670000000031963 035 $a(EBL)547201 035 $a(SSID)ssj0000416127 035 $a(PQKBManifestationID)11929435 035 $a(PQKBTitleCode)TC0000416127 035 $a(PQKBWorkID)10420902 035 $a(PQKB)10557468 035 $a(MiAaPQ)EBC547201 035 $a(OCoLC)654787198 035 $a(EXLCZ)992670000000031963 100 $a20100204d2010 uy 0 101 0 $aeng 135 $aur|n|---||||| 181 $ctxt 182 $cc 183 $acr 200 00$aDomesticating neo-liberalism $espaces of economic practice and social reproduction in post-socialist cities /$fAlison Stenning ... [et al] 210 $aChichester $cWiley-Blackwell$d2010 215 $a1 online resource (318 p.) 225 1 $aRGS-IBG book series 300 $aDescription based upon print version of record. 311 $a1-4051-6991-5 320 $aIncludes bibliographical references and index. 327 $aDomesticating Neo-Liberalism; Contents; List of Plates, Figures and Tables; Series Editor's Preface; Preface and Acknowledgements; 1 Domesticating Neo-Liberalism and the Spaces of Post-Socialism; 2 Neo-Liberalism and Post-Socialist Transformations; 3 Domesticating Economies: Diverse Economic Practices, Households and Social Reproduction; 4 Work: Employment, Unemployment and the Negotiation of Labour Markets; 5 Housing: Markets, Assets and Social Reproduction; 6 Land and Food: Production, Consumption and Leisure; 7 Care: Family, Social Networks and the State; 8 Conclusions 327 $aAppendix I: Summary Information on Interviewed HouseholdsAppendix II: Semi-Structured Interviews with Key Informants; Notes; Bibliography; Index 330 $aBased on in-depth research in Poland and Slovakia, Domesticating Neo-Liberalism addresses how we understand the processes of neo-liberalization in post-socialist cities.Builds upon a vast amount of new research dataExamines how households try to sustain their livelihoods at particularly dramatic and difficult times of urban transformationProvides a major contribution to how we theorize the geographies of neo-liberalismOffers a conclusion which informs discussions of social policy within European Union enlargement 410 0$aRGS-IBG book series. 606 $aWomen$zPoland$xSocial conditions 606 $aWomen$zSlovakia$xSocial conditions 606 $aWomen$zPoland$xEconomic conditions 606 $aWomen$zSlovakia$xEconomic conditions 606 $aSex discrimination against women$zPoland 606 $aSex discrimination against women$zSlovakia 606 $aFeminist economics$zPoland 606 $aFeminist economics$zSlovakia 606 $aFeminist theory$zPoland 606 $aFeminist theory$zSlovakia 615 0$aWomen$xSocial conditions. 615 0$aWomen$xSocial conditions. 615 0$aWomen$xEconomic conditions. 615 0$aWomen$xEconomic conditions. 615 0$aSex discrimination against women 615 0$aSex discrimination against women 615 0$aFeminist economics 615 0$aFeminist economics 615 0$aFeminist theory 615 0$aFeminist theory 676 $a330.94373 701 $aStenning$b Alison$01842448 801 0$bMiAaPQ 801 1$bMiAaPQ 801 2$bMiAaPQ 906 $aBOOK 912 $a9911019533903321 996 $aDomesticating neo-liberalism$94422574 997 $aUNINA LEADER 04417nam 22006855 450 001 9910523732603321 005 20260128104516.0 010 $a3-030-85507-4 024 7 $a10.1007/978-3-030-85507-9 035 $a(MiAaPQ)EBC6816693 035 $a(Au-PeEL)EBL6816693 035 $a(CKB)19934906600041 035 $a(OCoLC)1287136387 035 $a(PPN)258844779 035 $a(DE-He213)978-3-030-85507-9 035 $a(EXLCZ)9919934906600041 100 $a20211126d2022 u| 0 101 0 $aeng 135 $aurcnu|||||||| 181 $ctxt$2rdacontent 182 $cc$2rdamedia 183 $acr$2rdacarrier 200 14$aThe Healing Power of Touch ? Guidelines for Nurses and Practitioners $eExternal Applications in Pediatrics /$fedited by Georg Seifert, Alfred Längler 205 $a1st ed. 2022. 210 1$aCham :$cSpringer International Publishing :$cImprint: Springer,$d2022. 215 $a1 online resource (215 pages) 225 1 $aMedicine Series 311 08$aPrint version: Seifert, Georg The Healing Power of Touch - Guidelines for Nurses and Practitioners Cham : Springer International Publishing AG,c2022 9783030855062 327 $aPreface -- Chapter 1. Introduction: External applications -- Chapter 2. Factors of touch based external applications -- Chapter 3. The skin -- Chapter 4. Therapeutic effects and relations of external applications -- Chapter 5. Techniques of external applications -- Chapter 6. Instructions for external applications -- Chapter 7. Substances -- Chapter 8. Search register/Glossary. 330 $aThis book offers precise and highly informative instructions for nurses and caregivers on how to select external applications for various indications and how to perform them on children. It also enables readers to gain a deeper understanding of the skin, its functions and the therapeutic potential of external applications. The sense of touch is the first sensation that develops in the body during embryonal development; therefore, it is essential for orientation in the world from the beginning of life. The skin is known as the body's protective mantle. It is the largest sensory organ of the human body and plays a key role in perception, social interaction and health. Touch and external applications to the skin can have a lasting effect on overall health and wellbeing and contribute to the healing of various conditions in children. Through the skin, children react sensitively to external influences like natural active ingredients and touch. These mechanisms are particularly relevant with regard to the deep relationship between the skin and the organism as a whole. External applications use these mechanisms to support the health and healing processes in children. The book is intended for healthcare professionals interested in complementing conventional pediatric care with external applications, especially in daily use by nurses and caregivers. Nurses will find guidance from complementary medicine and care to deal with various indications occurring in various pediatric fields like pediatric surgery, psychiatry, oncology, intensive care, neonatology and during the phases of child development. In addition to the detailed descriptions of the application techniques, it provides insights into the theory behind external applications and explains the mechanisms of action. Furthermore, it includes case studies, scientific data and personal reports from experts. 410 0$aMedicine Series 606 $aNursing 606 $aAlternative medicine 606 $aPediatrics 606 $aNursing 606 $aComplementary and Alternative Medicine 606 $aPediatrics 606 $aTacte$2thub 606 $aÚs terapèutic$2thub 606 $aPediatria$2thub 608 $aLlibres electrònics$2thub 615 0$aNursing. 615 0$aAlternative medicine. 615 0$aPediatrics. 615 14$aNursing. 615 24$aComplementary and Alternative Medicine. 615 24$aPediatrics. 615 7$aTacte 615 7$aÚs terapèutic 615 7$aPediatria 676 $a615.852 702 $aSeifert$b Georg 702 $aLa?ngler$b Alfred 801 0$bMiAaPQ 801 1$bMiAaPQ 801 2$bMiAaPQ 906 $aBOOK 912 $a9910523732603321 996 $aThe Healing Power of Touch - Guidelines for Nurses and Practitioners$92588625 997 $aUNINA